| 000 | 00678nam a2200181Ia 4500 | ||
|---|---|---|---|
| 008 | 090124s9999 xx 000 0 und d | ||
| 082 |
_b19595 _a471 |
||
| 100 | _aगांधी मो. क. (मोहनदास करमचंद) | ||
| 245 | _a गडे मी खादीच नेसेन | ||
| 250 | _a0 | ||
| 260 | _c1922 | ||
| 300 | _a13 | ||
| 600 | _aगांधी मो. क. (मोहनदास करमचंद) | ||
| 630 | _a गडे मी खादीच नेसेन | ||
| 700 | _aगांधी मो. क. (मोहनदास करमचंद) | ||
| 730 | _a गडे मी खादीच नेसेन | ||
| 942 | _cBOOK | ||
| 999 |
_c133463 _d133463 |
||